Pôda a poľnohospodárstvo : úvahy o budúcnosti /
Uloženo v:
| Hlavní autoři: | , , |
|---|---|
| Médium: | Kniha |
| Jazyk: | slovenština |
| Vydáno: |
Bratislava :
Výskumný ústav pôdoznalectva a ochrany pôdy,
2010
|
| Vydání: | [1. vyd.] |
| Témata: | |
| ISBN: | 9788089128631 |
| On-line přístup: |
|
| Tagy: |
Přidat tag
Žádné tagy, Buďte první, kdo vytvoří štítek k tomuto záznamu!
|
MARC
| LEADER | 00000nam a2200000 4500 | ||
|---|---|---|---|
| 003 | SK-BrCVT | ||
| 005 | 20220621163227.0 | ||
| 008 | 100622s2010 xo e ||||||slo d | ||
| 020 | |a 9788089128631 | ||
| 035 | |a CVTIDW0001198 | ||
| 040 | |b slo |a CVTI SR |e AACR2 | ||
| 041 | 0 | |a slo | |
| 044 | |a xo | ||
| 080 | |a 631.4 |2 UDC-MRF | ||
| 080 | |a 63 |2 UDC-MRF | ||
| 080 | |a 338.43 |2 UDC-MRF | ||
| 100 | 1 | |a Blaas, Gejza |d 1942-, |4 aut | |
| 245 | 1 | 0 | |a Pôda a poľnohospodárstvo : |b úvahy o budúcnosti / |c Gejza Blaas, Pavol Bielik, Marian Božík |
| 250 | |a [1. vyd.] | ||
| 260 | |a Bratislava : |b Výskumný ústav pôdoznalectva a ochrany pôdy, |c 2010 | ||
| 300 | |a 36 s. : |b grafy, lit. ; | ||
| 653 | 1 | |a poľnohospodárska pôda | |
| 653 | 1 | |a konkurencieschopnosť produkcie | |
| 653 | 1 | |a vidiecka ekonomika | |
| 653 | 1 | |a hospodárska kríza | |
| 653 | 1 | |a ochrana pôdy | |
| 655 | 4 | |a informačný materiál | |
| 700 | 1 | |a Bielek, Pavol |4 aut |d 1946-, | |
| 700 | 1 | |a Božík, Marian |4 aut | |
| 910 | |b A611159 | ||
| 919 | |a 978-80-89128-63-1 | ||
| 974 | |a katarina.repata |f Knihy | ||
| 992 | |a AIM | ||
| 999 | |c 155426 |d 155426 | ||

